| Tag |
First Indicator |
Second Indicator |
Subfields |
| LEADER |
00000cam a2200000 i 4500 |
| 001 |
in00005614021 |
| 003 |
OCoLC |
| 005 |
20240904141628.9 |
| 008 |
231208r20242023nyua j 000 0 eng d |
| 024 |
8 |
|
|a 40032587397
|
| 040 |
|
|
|a YDX
|b eng
|e rda
|c YDX
|d OCLCQ
|d CPL
|d BDX
|d OCLCO
|d ILC
|d OCLCO
|d DPL
|
| 020 |
|
|
|a 9780593692103
|q (hardcover)
|
| 020 |
|
|
|a 0593692101
|q (hardcover)
|
| 035 |
|
|
|a (OCoLC)1412198559
|
| 050 |
|
4 |
|a PZ8.N48
|b God 2024
|
| 082 |
0 |
4 |
|a 823.92
|q OCoLC
|2 23/eng/20240417
|
| 082 |
0 |
4 |
|a 398.2
|2 23/eng/20240807
|
| 082 |
0 |
4 |
|a 398.20943
|2 23
|
| 100 |
1 |
|
|a Nicholls, Sally,
|d 1983-
|e author.
|1 https://id.oclc.org/worldcat/entity/E39PBJvCWGTddcf9ypWVxwQKBP
|
| 245 |
1 |
0 |
|a Godfather Death /
|c Sally Nicholls ; illustrations, Júlia Sardà.
|
| 264 |
|
1 |
|a New York :
|b Viking,
|c 2024.
|
| 264 |
|
4 |
|c ©2023
|
| 300 |
|
|
|a 1 volume (unpaged) :
|b color illustrations ;
|c 25 cm
|
| 336 |
|
|
|a text
|b txt
|2 rdacontent
|
| 336 |
|
|
|a still image
|b sti
|2 rdacontent
|
| 337 |
|
|
|a unmediated
|b n
|2 rdamedia
|
| 338 |
|
|
|a volume
|b nc
|2 rdacarrier
|
| 500 |
|
|
|a "First published in Great Britain by Andersen Press Ltd., 2023."--Page opposite title page.
|
| 500 |
|
|
|a Adaptation of Der Gevatter Tod, one of the tales in the collection Kinder- und Hausmärchen, first published in 1812.
|
| 520 |
|
|
|a A retelling of the Brothers Grimm fairy tale in which a poor fisherman chooses Death to be a godfather to his son.
|
| 586 |
|
|
|a Booklist Editor's Choice/Books for Youth, 2024 ; School Library Journal Best Books, 2024
|
| 650 |
|
0 |
|a Folklore
|z Germany.
|
| 650 |
|
0 |
|a Fairy tales
|z Germany.
|
| 650 |
|
0 |
|a Poor men
|v Folklore.
|
| 650 |
|
0 |
|a Death
|v Folklore.
|
| 650 |
|
0 |
|a Death (Personification)
|v Folklore.
|
| 650 |
|
0 |
|a Grim Reaper (Symbolic character)
|v Folklore.
|
| 650 |
|
0 |
|a Avarice
|v Folklore.
|
| 650 |
|
0 |
|a Poor men
|v Juvenile fiction.
|
| 650 |
|
0 |
|a Fathers and sons
|v Juvenile fiction.
|
| 650 |
|
0 |
|a Death
|v Juvenile fiction.
|
| 650 |
|
0 |
|a Avarice
|v Juvenile fiction.
|
| 650 |
|
1 |
|a Fairy tales.
|
| 650 |
|
1 |
|a Folklore.
|
| 650 |
|
1 |
|a Greed
|v Folklore.
|
| 650 |
|
1 |
|a Greed
|v Fiction.
|
| 650 |
|
6 |
|a Contes de fées
|z Allemagne.
|
| 650 |
|
6 |
|a Folklore
|z Allemagne.
|
| 650 |
|
6 |
|a Hommes pauvres
|v Folklore.
|
| 650 |
|
6 |
|a Mort (Personnification)
|v Folklore.
|
| 650 |
|
6 |
|a Faucheuse (Personnage symbolique)
|v Folklore.
|
| 650 |
|
6 |
|a Avarice
|v Folklore.
|
| 650 |
|
6 |
|a Hommes pauvres
|v Romans, nouvelles, etc. pour la jeunesse.
|
| 650 |
|
6 |
|a Pères et fils
|v Romans, nouvelles, etc. pour la jeunesse.
|
| 650 |
|
6 |
|a Avarice
|v Romans, nouvelles, etc. pour la jeunesse.
|
| 655 |
|
7 |
|a fairy tales.
|2 aat
|
| 655 |
|
7 |
|a Fairy tales.
|2 lcgft
|
| 655 |
|
7 |
|a Contes de fées.
|2 rvmgf
|
| 700 |
1 |
|
|a Sardà, Júlia,
|e illustrator.
|1 https://id.oclc.org/worldcat/entity/E39PCjHvG6WKWjqg4mJJK8vH3P
|
| 700 |
1 |
|
|a Grimm, Jacob,
|d 1785-1863,
|e contributor.
|1 https://id.oclc.org/worldcat/entity/E39PBJbRdKGVqCjvXpdKwRqYT3
|
| 700 |
1 |
|
|a Grimm, Wilhelm,
|d 1786-1859,
|e contributor.
|1 https://id.oclc.org/worldcat/entity/E39PBJfGXVrGkXpTYqK6Y789jC
|
| 730 |
0 |
|
|a Gevatter Tod.
|l English.
|
| 945 |
|
|
|b 289807
|
| 947 |
|
|
|a A14851353640
|
| 980 |
|
|
|b print
|c 40032587397
|g 565712
|k USD
|m 17.99
|q 1
|s AcqMono Conventional
|t Approval plan
|u Vendor order reference number
|v ZYBP
|y Print approval
|z Physical resource
|
| 999 |
f |
f |
|i 38e50d1a-e867-48f2-87e3-90d08670af3d
|s aca8282d-b0db-44ed-8dae-60b6b4b4fd1a
|t 0
|
| 952 |
f |
f |
|p normal
|a Texas A&M University
|b College Station
|c Sterling C. Evans Library
|s Evans curr
|d Evans: Curriculum Collection (4th floor)
|t 0
|e PZ8.N48 God 2024
|h Library of Congress classification
|i unmediated -- volume
|m A14851353640
|